| 000 | 00535nam a2200181 i 4500 | ||
|---|---|---|---|
| 001 | 94520 | ||
| 003 | ES-MaACL | ||
| 005 | 20240320062610.0 | ||
| 007 | t| | ||
| 008 | 050506s1944 sp ||||1| spa d | ||
| 100 | 1 |
_aLosada de la Torre, José. _974267 |
|
| 245 | 1 | 0 |
_aSemblanzas y evocaciones / _cJosé Losada de la Torre; prólogo de Azorín. |
| 260 |
_aMadrid : _bPrensa Española, _c1944. |
||
| 300 |
_a139 p. ; _c21 cm. |
||
| 700 | 0 |
_aAzorín, _d1873-1967 _924326 |
|
| 852 |
_aES-MaACL _jF-15924 _bR.20604 |
||
| 999 |
_c94520 _d94520 |
||